Leon, Burgos and Salamanca (Record no. 4153)

MARC details
000 -CABECERA
campo de control de longitud fija 01080nam a2200289 a 4500
001 - NÚMERO DE CONTROL
campo de control BRCA_4444
005 - FECHA Y HORA DE LA ÚLTIMA TRANSACCIÓN
campo de control 20190320204656.0
008 - DATOS DE LONGITUD FIJA--INFORMACIÓN GENERAL
campo de control de longitud fija 240810s1908----enka###f##---#000-0#eng-#
041 ## - CÓDIGO DE LENGUA
Código de lengua del texto/banda sonora o título independiente eng
044 ## - CÓDIGO DEL PAÍS DE LA ENTIDAD EDITORA/PRODUCTORA
Código MARC del país enk
050 #4 - SIGNATURA TOPOGRÁFICA DE LA BIBLIOTECA DEL CONGRESO
Número de clasificación DP17
Número de documento/Ítem .C35 19
-- 1908
100 1# - ENTRADA PRINCIPAL--NOMBRE DE PERSONA
Nombre de persona Calvert, Albert F.
Fechas asociadas al nombre 1872-1946
9 (RLIN) 11263
245 10 - MENCIÓN DE TÍTULO
Título Leon, Burgos and Salamanca
Resto del título A historical and descriptive account
Mención de responsabilidad, etc. By Albert, F. Calvert.
260 ## - PUBLICACIÓN, DISTRIBUCIÓN, ETC.
Lugar de publicación, distribución, etc. Londres: Nueva York, The Bodley Head
Nombre del editor, distribuidor, etc. John Lane
Fecha de publicación, distribución, etc. 1908
300 ## - DESCRIPCIÓN FÍSICA
Extensión xxv, 151 p. (v.19)
Otras características físicas il., 462 láminas
Dimensiones 20 cm.
440 #0 - MENCIÓN DE SERIE/PUNTO DE ACCESO ADICIONAL--TÍTULO
Título The spanish series
Designación de volumen o secuencia 19
9 (RLIN) 11264
500 ## - NOTA GENERAL
Nota general Incluye índice de ilustraciones
500 ## - NOTA GENERAL
Nota general Hojas sueltas al principio y al final de las láminas
500 ## - NOTA GENERAL
Nota general Con ex-libris de : Daniel H. Farr
500 ## - NOTA GENERAL
Nota general CEO1
650 14 - PUNTO DE ACCESO ADICIONAL DE MATERIA--TÉRMINO DE MATERIA
Término de materia o nombre geográfico como elemento de entrada Descripción y viajes
Subdivisión geográfica España
9 (RLIN) 11265
651 #4 - PUNTO DE ACCESO ADICIONAL DE MATERIA--NOMBRE GEOGRÁFICO
Nombre geográfico España
Subdivisión general Descripción y viajes
Subdivisión geográfica León (provincia)
9 (RLIN) 11266
651 #4 - PUNTO DE ACCESO ADICIONAL DE MATERIA--NOMBRE GEOGRÁFICO
Nombre geográfico España
Subdivisión general Descripción y viajes
Subdivisión geográfica Burgos (provincia)
9 (RLIN) 11267
651 #4 - PUNTO DE ACCESO ADICIONAL DE MATERIA--NOMBRE GEOGRÁFICO
Nombre geográfico España
Subdivisión general Descripción y viajes
Subdivisión geográfica Salamanca (provincia)
9 (RLIN) 11268
902 ## - CATALOGADOR
Iniciales GFM
942 ## - ELEMENTOS DE PUNTO DE ACCESO ADICIONAL (KOHA)
Fuente del sistema de clasificación o colocación Library of Congress Classification
Tipo de ítem Koha Libros
Holdings
Estado de retiro Estado de pérdida Estado dañado No para préstamo Localización permanente Ubicación/localización actual Fecha de adquisición Número de inventario Total de préstamos Signatura topográfica completa Código de barras Fecha visto por última vez Precio válido a partir de Tipo de ítem Koha
El ejemplar forma parte de la colección y puede ser consultado según las políticas vigentes.       Biblioteca del Museo Franz Mayer (Rogerio Casas-Alatriste) Biblioteca del Museo Franz Mayer (Rogerio Casas-Alatriste) 24/08/2010 CEO1   DP17 .C35 19 1908 (CEO1) 4441 22/03/2019 22/03/2019 Libros